British policy towards Manipur, 1891 - 1919 / (Record no. 2848)
[ view plain ]
| 000 -LEADER | |
|---|---|
| fixed length control field | 01127cam a2200337 i 4500 |
| 001 - CONTROL NUMBER | |
| control field | 18277984 |
| 003 - CONTROL NUMBER IDENTIFIER | |
| control field | GBCCL |
| 005 - DATE AND TIME OF LATEST TRANSACTION | |
| control field | 20241126110441.0 |
| 008 - FIXED-LENGTH DATA ELEMENTS--GENERAL INFORMATION | |
| fixed length control field | 140825s2008 ii b 001 0 eng |
| 010 ## - | |
| -- | 2014357030 |
| 025 ## - OVERSEAS ACQUISITION NUMBER | |
| Overseas acquisition number | I-E-2014-357030; 61-15 |
| 040 ## - CATALOGING SOURCE | |
| Original cataloging agency | DLC |
| Language of cataloging | eng |
| Description conventions | rda |
| Transcribing agency | DLC |
| Modifying agency | DLC |
| 042 ## - | |
| -- | lcode |
| -- | pcc |
| 043 ## - | |
| -- | a-ii--- |
| 050 00 - | |
| -- | DS485.M49 |
| -- | D46 2008 |
| 082 ## - DEWEY DECIMAL CLASSIFICATION NUMBER | |
| Classification number | 361.61095417 |
| Item number | DEN |
| 100 1# - MAIN ENTRY--PERSONAL NAME | |
| Personal name | Dena, Lal, |
| Dates associated with a name | 1943- |
| Relator term | author. |
| 9 (RLIN) | 3454 |
| 245 10 - TITLE STATEMENT | |
| Title | British policy towards Manipur, 1891 - 1919 / |
| Statement of responsibility, etc. | Lal Dena. |
| 250 ## - EDITION STATEMENT | |
| Edition statement | Second revised and enlarged edition. |
| 264 #1 - PRODUCTION, PUBLICATION, DISTRIBUTION, MANUFACTURE, AND COPYRIGHT NOTICE | |
| Place of production, publication, distribution, manufacture | Imphal : |
| Name of producer, publisher, distributor, manufacturer | Nongeen Publications, |
| Date of production, publication, distribution, manufacture, or copyright notice | [2008] |
| 264 #2 - PRODUCTION, PUBLICATION, DISTRIBUTION, MANUFACTURE, AND COPYRIGHT NOTICE | |
| Place of production, publication, distribution, manufacture | Imphal : |
| Name of producer, publisher, distributor, manufacturer | Rajesh Book Store |
| 300 ## - PHYSICAL DESCRIPTION | |
| Extent | 148 pages ; |
| Dimensions | 22 cm |
| 336 ## - CONTENT TYPE | |
| Content type term | text |
| Content type code | txt |
| Source | rdacontent |
| 337 ## - MEDIA TYPE | |
| Media type term | unmediated |
| Media type code | n |
| Source | rdamedia |
| 338 ## - CARRIER TYPE | |
| Carrier type term | volume |
| Carrier type code | nc |
| Source | rdacarrier |
| 504 ## - BIBLIOGRAPHY, ETC. NOTE | |
| Bibliography, etc. note | Includes bibliographical references (pages 143-146) and index. |
| 651 #0 - SUBJECT ADDED ENTRY--GEOGRAPHIC NAME | |
| Geographic name | Manipur (India) |
| General subdivision | History. |
| 9 (RLIN) | 3455 |
| 906 ## - LOCAL DATA ELEMENT F, LDF (RLIN) | |
| a | 7 |
| b | cbc |
| c | origode |
| d | 3 |
| e | ncip |
| f | 20 |
| g | y-gencatlg |
| 942 ## - ADDED ENTRY ELEMENTS (KOHA) | |
| Source of classification or shelving scheme | Dewey Decimal Classification |
| Koha item type | Books |
| Withdrawn status | Lost status | Source of classification or shelving scheme | Damaged status | Not for loan | Home library | Current Library | Shelving location | Date acquired | Total checkouts | Full call number | Barcode | Date last seen | Copy number | Price effective from | Koha item type |
|---|---|---|---|---|---|---|---|---|---|---|---|---|---|---|---|
| Dewey Decimal Classification | GRACE BIBLE COLLEGE | GRACE BIBLE COLLEGE | Archives | 2017-10-03 | 361.61095417 DEN | 000784 | 2025-05-01 | c.1 | 2017-10-03 | Archives | |||||
| Dewey Decimal Classification | GRACE BIBLE COLLEGE | GRACE BIBLE COLLEGE | North East Collection | 2017-10-03 | 361.61095417 DEN | 000786 | 2025-05-01 | c.2 | 2017-10-03 | Books | |||||
| Dewey Decimal Classification | GRACE BIBLE COLLEGE | GRACE BIBLE COLLEGE | North East Collection | 2018-02-06 | 361.61095417 DEN | 000790 | 2025-05-01 | c.3 | 2018-02-06 | Books | |||||
| Dewey Decimal Classification | GRACE BIBLE COLLEGE | GRACE BIBLE COLLEGE | North East Collection | 2018-02-26 | 361.61095417 DEN | 000794 | 2025-05-01 | c.4 | 2018-02-26 | Books | |||||
| Dewey Decimal Classification | GRACE BIBLE COLLEGE | GRACE BIBLE COLLEGE | North East Collection | 2018-02-28 | 361.61095417 DEN | 000796 | 2025-05-01 | c.5 | 2018-02-28 | Books | |||||
| Dewey Decimal Classification | GRACE BIBLE COLLEGE | GRACE BIBLE COLLEGE | North East Collection | 2018-06-28 | 361.61095417 DEN | 000908 | 2025-05-01 | c.6 | 2018-06-28 | Books |